| 000 | 01396nam a2200349 a 4500 | ||
|---|---|---|---|
| 001 | ebr10606504 | ||
| 003 | CaPaEBR | ||
| 006 | m u | ||
| 007 | cr cn||||||||| | ||
| 008 | 120816s2012 gw a sb 001 0 eng d | ||
| 010 | _z 2012405847 | ||
| 020 | _z3110260255 | ||
| 020 | _z9783110260250 | ||
| 020 | _z9783110260274 (e-book) | ||
| 040 |
_aCaPaEBR _cCaPaEBR |
||
| 035 | _a(OCoLC)811962822 | ||
| 050 | 1 | 4 |
_aP96.T42 _bC5998 2012eb |
| 245 | 0 | 0 |
_aCommunication on and via technology _h[electronic resource] / _cedited by Annely Rothkegel and Sonja Ruda. |
| 260 |
_aBerlin : _bDe Gruyter Mouton, _cc2012. |
||
| 300 |
_ax, 269 p. : _bill. |
||
| 490 | 1 |
_aText, translation, computational processing, _x1861-4272 ; _vv. 10 |
|
| 504 | _aIncludes bibliographical references and index. | ||
| 533 |
_aElectronic reproduction. _bPalo Alto, Calif. : _cebrary, _d2011. _nAvailable via World Wide Web. _nAccess may be limited to ebrary affiliated libraries. |
||
| 650 | 0 | _aCommunication and technology. | |
| 650 | 0 |
_aInformation technology _xSocial aspects. |
|
| 655 | 7 |
_aElectronic books. _2local |
|
| 700 | 1 | _aRothkegel, Annely. | |
| 700 | 1 | _aRuda, Sonja. | |
| 710 | 2 | _aebrary, Inc. | |
| 830 | 0 |
_aText, translation, computational processing ; _v10. |
|
| 856 | 4 | 0 |
_uhttp://site.ebrary.com/lib/rucke/Doc?id=10606504 _zAn electronic book accessible through the World Wide Web; click to view |
| 999 |
_c97286 _d97286 |
||